[Event "Hessen-ch Seniors op 05th"]
[Site "Bad Sooden-Allendorf"]
[Date "2009.04.29"]
[Round "5"]
[White "Viererbe, Hartmut"]
[Black "Bernhart, Ernst"]
[Result "1-0"]
[WhiteElo "1663"]
[BlackElo "1480"]
[PlyCount "101"]
[EventDate "2009.04.25"]
[EventType "swiss"]
[EventRounds "9"]
[EventCountry "GER"]
[SourceTitle "EXT 2022"]
[Source "ChessBase"]
[SourceDate "2021.10.06"]
[SourceVersion "1"]
[SourceVersionDate "2021.10.06"]
[SourceQuality "1"]

1. e4 e6 2. Nc3 Nc6 3. d4 Nge7 4. Bg5 d5 5. e5 a6 6. f4 Qd7 7. Nf3 h6 8. Bh4 Nf5 9. Bf2 Bb4 10. Bd3 Nfe7 11. 0-0 Bxc3 12. bxc3 Na5 13. Qe2 Qa4 14. Rfb1 Qd7 15. Nd2 0-0 16. Nb3 Nxb3 17. axb3 f5 18. b4 c6 19. c4 dxc4 20. Bxc4 Nd5 21. Qf3 b5 22. Ba2 Bb7 23. c4 Ne7 24. Qb3 bxc4 25. Qxc4 Nd5 26. g3 Rfe8 27. Qd3 Rad8 28. Bc4 Nc7 29. Qxf5 Nd5 30. Qg6 Qe7 31. Bd3 Qf7 32. Qh7+ Kf8 33. Bg6 Qg8 34. Qxg8+ Kxg8 35. Bxe8 Rxe8 36. Ra3 Nc7 37. Kf1 Rd8 38. Ke2 Nb5 39. Rd3 a5 40. bxa5 Ba6 41. Ke3 Nc7 42. Rdb3 Nb5 43. Rb4 Nc3 44. Rb8 Nxb1 45. Rxd8+ Kf7 46. Ra8 Bb5 47. a6 Nc3 48. a7 Nd5+ 49. Kd2 Nb6 50. Rb8 Nc4+ 51. Kc3 1-0

[Event "Hessen-ch Seniors op 05th"]
[Site "Bad Sooden-Allendorf"]
[Date "2009.04.27"]
[Round "3"]
[White "Girod, Gudrun"]
[Black "Bernhart, Ernst"]
[Result "0-1"]
[WhiteElo "1298"]
[BlackElo "1480"]
[PlyCount "82"]
[EventDate "2009.04.25"]
[EventType "swiss"]
[EventRounds "9"]
[EventCountry "GER"]
[SourceTitle "EXT 2022"]
[Source "ChessBase"]
[SourceDate "2021.10.06"]
[SourceVersion "1"]
[SourceVersionDate "2021.10.06"]
[SourceQuality "1"]

1. d4 Nf6 2. c3 d5 3. Bf4 e6 4. Nf3 c5 5. e3 Nc6 6. Bb5 Bd7 7. Bxc6 Bxc6 8. 0-0 cxd4 9. exd4 Be7 10. Nbd2 0-0 11. Ne5 Rc8 12. Nxc6 bxc6 13. h3 c5 14. Nf3 Qb6 15. Rb1 cxd4 16. cxd4 Ne4 17. Be3 f6 18. Nd2 Nd6 19. Nb3 Nf5 20. Qd3 Rc6 21. Rbc1 Rfc8 22. Rxc6 Rxc6 23. Qb1 Kf7 24. Rc1 Bb4 25. Rxc6 Qxc6 26. Qd3 g6 27. g3 Nd6 28. a3 Be1 29. Qd1 Qb6 30. Qc2 Nc4 31. Kg2 a5 32. Bd2 Bxd2 33. Nxd2 Qxb2 34. Qa4 Qxd2 35. Qd7+ Kf8 36. Qd8+ Kg7 37. Qe7+ Kh6 38. Qf8+ Kg5 39. h4+ Kf5 40. Kh3 Qxd4 41. f3 h5 0-1

[Event "Hessen-ch Seniors op 05th"]
[Site "Bad Sooden-Allendorf"]
[Date "2009.04.25"]
[Round "1"]
[White "Kotlar, Alfred"]
[Black "Bernhart, Ernst"]
[Result "1-0"]
[WhiteElo "1916"]
[BlackElo "1480"]
[PlyCount "87"]
[EventDate "2009.04.25"]
[EventType "swiss"]
[EventRounds "9"]
[EventCountry "GER"]
[SourceTitle "EXT 2022"]
[Source "ChessBase"]
[SourceDate "2021.10.06"]
[SourceVersion "1"]
[SourceVersionDate "2021.10.06"]
[SourceQuality "1"]

1. d4 Nf6 2. Nf3 d5 3. Bf4 e6 4. e3 c5 5. c3 Nc6 6. Nbd2 Bd7 7. Bd3 Qb6 8. Rb1 Rc8 9. 0-0 c4 10. Bc2 Be7 11. h3 0-0 12. Qe2 Qa5 13. a3 Qd8 14. e4 Nh5 15. Bh2 g6 16. Rfe1 Bg5 17. Nxg5 Qxg5 18. Nf3 Qh6 19. e5 Kh8 20. h4 Rg8 21. Ng5 Qf8 22. Nxh7 Qh6 23. Ng5 Rcf8 24. Qe3 Qg7 25. g4 Ne7 26. gxh5 Nf5 27. Bxf5 gxf5 28. Kh1 Ba4 29. Rbc1 Re8 30. Rg1 Qf8 31. Rg2 Qe7 32. Qd2 Rg7 33. Rcg1 Reg8 34. h6 Rg6 35. h5 Rxg5 36. Rxg5 Rxg5 37. Qxg5 Qxg5 38. Rxg5 Bc2 39. Bf4 Be4+ 40. Kh2 Bf3 41. Kg3 Bd1 42. Kh4 Ba4 43. Rg7 Be8 44. Bg5 1-0

[Event "Niedersachsen-ch Seniors op 11th"]
[Site "Bad Bevensen"]
[Date "2008.07.14"]
[Round "7"]
[White "Bernhart, Ernst"]
[Black "Milnikel, Eugen"]
[Result "1-0"]
[WhiteElo "1572"]
[BlackElo "1341"]
[PlyCount "61"]
[EventDate "2008.07.08"]
[EventType "swiss"]
[EventRounds "9"]
[EventCountry "GER"]
[SourceTitle "EXT 2022"]
[Source "ChessBase"]
[SourceDate "2021.10.06"]
[SourceVersion "1"]
[SourceVersionDate "2021.10.06"]
[SourceQuality "1"]

1. c4 Nf6 2. d4 g6 3. Nc3 Bg7 4. Nf3 0-0 5. e4 d6 6. Be2 Re8 7. 0-0 Bg4 8. h3 Bxf3 9. Bxf3 c6 10. Be3 Nbd7 11. Rc1 e5 12. d5 cxd5 13. cxd5 b6 14. Bg5 h6 15. Be3 Nc5 16. b4 Nb7 17. Be2 Re7 18. f3 Rc7 19. Qd2 Kh7 20. Ba6 Rac8 21. Nb5 Rxc1 22. Rxc1 Rxc1+ 23. Qxc1 Qb8 24. Qc6 Nd8 25. Qxd6 Qxd6 26. Nxd6 Bf8 27. Nc8 Bxb4 28. Nxa7 Nd7 29. Nc6 Nc5 30. Nxb4 Nxa6 31. Nxa6 1-0

[Event "Bayern-ch Seniors 20th"]
[Site "Bergen"]
[Date "2008.06.14"]
[Round "8.36"]
[White "Maier, Alois"]
[Black "Bernhart, Ernst"]
[Result "1/2-1/2"]
[WhiteElo "1642"]
[BlackElo "1572"]
[PlyCount "70"]
[EventDate "2008.06.07"]
[EventType "swiss"]
[EventRounds "9"]
[EventCountry "GER"]
[SourceTitle "EXT 2022"]
[Source "ChessBase"]
[SourceDate "2021.10.06"]
[SourceVersion "1"]
[SourceVersionDate "2021.10.06"]
[SourceQuality "1"]

1. e4 e6 2. d4 d5 3. exd5 exd5 4. Nf3 Nf6 5. Nc3 c6 6. Bd3 Bg4 7. h3 Bh5 8. 0-0 Be7 9. Be2 0-0 10. Ne5 Bxe2 11. Nxe2 Re8 12. Ng3 Bd6 13. Re1 Nbd7 14. Nxd7 Qxd7 15. Bg5 Rxe1+ 16. Qxe1 Re8 17. Qd2 Ne4 18. Nxe4 Rxe4 19. Re1 f5 20. f3 Re6 21. Rxe6 Qxe6 22. Kf2 h6 23. Bf4 Be7 24. Be5 g5 25. g4 f4 26. a4 c5 27. c3 Qg6 28. b4 cxb4 29. cxb4 Qb1 30. b5 Bb4 31. Qe2 Qh1 32. Qf1 Qh2+ 33. Qg2 Be1+ 34. Kf1 Qxg2+ 35. Kxg2 Kf7 1/2-1/2

[Event "Bayern-ch Seniors 20th"]
[Site "Bergen"]
[Date "2008.06.08"]
[Round "2.41"]
[White "Bernhart, Ernst"]
[Black "Malik, Rosemarie"]
[Result "1/2-1/2"]
[WhiteElo "1572"]
[BlackElo "1291"]
[PlyCount "59"]
[EventDate "2008.06.07"]
[EventType "swiss"]
[EventRounds "9"]
[EventCountry "GER"]
[SourceTitle "EXT 2022"]
[Source "ChessBase"]
[SourceDate "2021.10.06"]
[SourceVersion "1"]
[SourceVersionDate "2021.10.06"]
[SourceQuality "1"]

1. c4 Nf6 2. Nc3 e6 3. d4 d5 4. Nf3 Nbd7 5. Bg5 Be7 6. e3 0-0 7. Bd3 dxc4 8. Bxc4 c6 9. 0-0 b6 10. Rc1 Bb7 11. Qe2 Nd5 12. Nxd5 exd5 13. Bxe7 Qxe7 14. Ba6 Bxa6 15. Qxa6 c5 16. b3 Rfe8 17. Rfe1 Nb8 18. Qe2 Qd6 19. Qc2 Nd7 20. Qf5 Qe6 21. Qf4 Rac8 22. h4 h6 23. g4 Qe4 24. Qxe4 Rxe4 25. Nh2 Rce8 26. Kf1 Kf8 27. Rcd1 Nf6 28. dxc5 bxc5 29. Rd3 d4 30. f3 1/2-1/2

[Event "GER-ch Seniors Gp-B 19th"]
[Site "Templin"]
[Date "2007.08.31"]
[Round "9"]
[White "Reichert, Rudolf"]
[Black "Bernhart, Ernst"]
[Result "1-0"]
[WhiteElo "1617"]
[BlackElo "1597"]
[PlyCount "75"]
[EventDate "2007.08.23"]
[EventType "swiss"]
[EventRounds "9"]
[EventCountry "GER"]
[SourceTitle "EXT 2022"]
[Source "ChessBase"]
[SourceDate "2021.10.06"]
[SourceVersion "1"]
[SourceVersionDate "2021.10.06"]
[SourceQuality "1"]

1. e4 e6 2. d4 d5 3. e5 c5 4. Nf3 Nc6 5. c3 Qb6 6. Na3 cxd4 7. Nb5 a6 8. Nbxd4 Bc5 9. Bd3 Bd7 10. Bc2 Nge7 11. 0-0 Ng6 12. Nxc6 Bxc6 13. b4 Be7 14. Be3 Qc7 15. Bd4 Rc8 16. a4 0-0 17. Qd3 Bd7 18. h4 Rfe8 19. h5 Nf8 20. Rac1 b5 21. a5 Qc4 22. Qd2 Qc6 23. Qe3 Qb7 24. Nh2 h6 25. Qg3 Nh7 26. f4 Rc4 27. Ng4 Kh8 28. Qd3 Nf8 29. Ne3 Rc6 30. Rf3 Rec8 31. Rg3 Be8 32. f5 Bg5 33. f6 g6 34. Rf1 Bxe3+ 35. Qxe3 Kh7 36. Rh3 Rc4 37. hxg6+ fxg6 38. Qxh6+ 1-0

[Event "GER-ch Seniors Gp-B 19th"]
[Site "Templin"]
[Date "2007.08.30"]
[Round "8"]
[White "Bernhart, Ernst"]
[Black "Weller, Friedhelm"]
[Result "0-1"]
[WhiteElo "1597"]
[BlackElo "1756"]
[PlyCount "171"]
[EventDate "2007.08.23"]
[EventType "swiss"]
[EventRounds "9"]
[EventCountry "GER"]
[SourceTitle "EXT 2022"]
[Source "ChessBase"]
[SourceDate "2021.10.06"]
[SourceVersion "1"]
[SourceVersionDate "2021.10.06"]
[SourceQuality "1"]

1. c4 e5 2. Nc3 Nf6 3. Nf3 d6 4. e4 Nc6 5. Be2 Ne7 6. d4 exd4 7. Nxd4 Ng6 8. 0-0 Be7 9. f4 0-0 10. Kh1 c5 11. Nf3 Bg4 12. Qe1 Qc8 13. Be3 a6 14. Rd1 Rb8 15. e5 dxe5 16. fxe5 Nd7 17. Qg3 Bxf3 18. Bxf3 Ndxe5 19. Bd5 Bh4 20. Qh3 Qxh3 21. gxh3 b6 22. b3 h6 23. Ne4 Be7 24. Ng3 Kh7 25. Nf5 Bg5 26. Bf2 Rbd8 27. Be4 Kg8 28. Bg3 Bf6 29. Ne3 Rd4 30. Bd5 b5 31. Nf5 Rxd1 32. Rxd1 bxc4 33. bxc4 Rd8 34. Rb1 Rd7 35. Rb6 Ra7 36. Nxh6+ gxh6 37. Rxf6 Kg7 38. Rb6 Nd3 39. a3 a5 40. Rb5 a4 41. Be4 Rd7 42. Rb7 Rxb7 43. Bxb7 f5 44. Bd6 Kf6 45. Bd5 h5 46. Bc7 Nge5 47. Ba5 Kg5 48. Be6 h4 49. Bd8+ Kf4 50. Bxh4 Ke4 51. Bd5+ Ke3 52. Bg5+ f4 53. Kg1 Ke2 54. Bg2 f3 55. Bf1+ Ke1 56. Bxd3 Nxd3 57. Bh4+ f2+ 58. Kg2 Ke2 59. Bxf2 Nxf2 60. h4 Ke3 61. Kg3 Ne4+ 62. Kg4 Nd6 63. h5 Nf7 64. Kf5 Kd4 65. Kf6 Nh6 66. Kg6 Ng4 67. h6 Nxh6 68. Kxh6 Kxc4 69. h4 Kb3 70. h5 c4 71. Kg6 c3 72. h6 c2 73. h7 c1Q 74. h8Q Qc2+ 75. Kf7 Kxa3 76. Qd4 Ka2 77. Ke6 a3 78. Kd5 Qb2 79. Qg1 Qb7+ 80. Kc4 Qf7+ 81. Kc3 Qf3+ 82. Kc4 Qc6+ 83. Kd3 Kb2 84. Qf2+ Kb1 85. Qe1+ Qc1 86. Qb4+ 0-1

[Event "Niedersachsen-ch Seniors op 10th"]
[Site "Bad Bevensen"]
[Date "2007.07.10"]
[Round "8"]
[White "Lueders, Guenter"]
[Black "Bernhart, Ernst"]
[Result "0-1"]
[WhiteElo "1690"]
[BlackElo "1652"]
[PlyCount "88"]
[EventDate "2007.07.03"]
[EventType "swiss"]
[EventRounds "9"]
[EventCountry "GER"]
[SourceTitle "EXT 2022"]
[Source "ChessBase"]
[SourceDate "2021.10.06"]
[SourceVersion "1"]
[SourceVersionDate "2021.10.06"]
[SourceQuality "1"]

1. d4 d5 2. Nf3 Nf6 3. Bf4 e6 4. Nbd2 Nbd7 5. h3 c5 6. c3 b6 7. e3 Bb7 8. Be2 Rc8 9. Rc1 Be7 10. 0-0 0-0 11. Ne5 Nxe5 12. Bxe5 Nd7 13. Bg3 f5 14. Nf3 g5 15. Qd2 Qe8 16. Ne5 Nf6 17. Qd1 Bd6 18. a3 Qe7 19. Bh2 c4 20. Nf3 Bxh2+ 21. Nxh2 h6 22. f4 Ne4 23. Qe1 Rf7 24. Nf3 Rg7 25. fxg5 hxg5 26. Ne5 Rf8 27. Bf3 Nf6 28. Be2 Qe8 29. g4 fxg4 30. hxg4 Ne4 31. Rxf8+ Qxf8 32. Qf1 Qe7 33. Qg2 a5 34. Rf1 b5 35. Bd1 b4 36. axb4 axb4 37. cxb4 Qxb4 38. Qc2 Ng3 39. Qf2 Nxf1 40. Kxf1 c3 41. Qf6 Qe7 42. Qf2 cxb2 43. Qxb2 Ba6+ 44. Kg1 Qb7 0-1

[Event "Niedersachsen-ch Seniors op 10th"]
[Site "Bad Bevensen"]
[Date "2007.07.03"]
[Round "1"]
[White "Bernhart, Ernst"]
[Black "Skara, Milenko"]
[Result "0-1"]
[WhiteElo "1652"]
[BlackElo "1891"]
[PlyCount "90"]
[EventDate "2007.07.03"]
[EventType "swiss"]
[EventRounds "9"]
[EventCountry "GER"]
[SourceTitle "EXT 2022"]
[Source "ChessBase"]
[SourceDate "2021.10.06"]
[SourceVersion "1"]
[SourceVersionDate "2021.10.06"]
[SourceQuality "1"]

1. c4 c5 2. Nc3 g6 3. Nf3 Bg7 4. g3 Nc6 5. Bg2 Nf6 6. 0-0 0-0 7. e3 d6 8. d4 a6 9. d5 Na5 10. Nd2 Rb8 11. b3 Nxd5 12. cxd5 Bxc3 13. Rb1 b5 14. Qc2 Bg7 15. Re1 Bd7 16. e4 e5 17. Nf3 c4 18. b4 Nb7 19. Be3 f5 20. Bg5 Qe8 21. Nd2 Nd8 22. Bxd8 Qxd8 23. Kh1 f4 24. Rf1 Bh6 25. Nf3 Bg4 26. Qc3 Qd7 27. Ng1 Qe7 28. f3 Bd7 29. g4 Bg5 30. Rb2 Rf7 31. Nh3 h6 32. Nf2 Rh7 33. Kg1 Kf7 34. a4 bxa4 35. Rc1 Rc8 36. Bf1 Bb5 37. Rbc2 Bh4 38. Nd1 h5 39. h3 hxg4 40. fxg4 Bg3 41. Qf3 Qa7+ 42. Kh1 Rch8 43. Nf2 g5 44. Rc3 Qxf2 45. Qxf2 Bxf2 0-1

[Event "Bayern-ch Seniors 19th"]
[Site "Schloss Schney"]
[Date "2007.06.17"]
[Round "7"]
[White "Bernhart, Ernst"]
[Black "Wilfert, Eva Maria"]
[Result "1/2-1/2"]
[WhiteElo "1637"]
[BlackElo "1452"]
[PlyCount "45"]
[EventDate "2007.06.12"]
[EventType "swiss"]
[EventRounds "9"]
[EventCountry "GER"]
[SourceTitle "EXT 2008"]
[Source "ChessBase"]
[SourceDate "2007.11.25"]
[SourceVersion "1"]
[SourceVersionDate "2007.11.25"]
[SourceQuality "1"]

1. c4 e5 2. Nc3 Nf6 3. e3 Be7 4. d4 exd4 5. exd4 0-0 6. Nf3 d5 7. Be3 Bg4 8. h3 Bh5 9. Be2 dxc4 10. Bxc4 Nbd7 11. 0-0 Nb6 12. Be2 c6 13. Rc1 Rc8 14. Re1 Nfd5 15. Bd2 Bd6 16. Bg5 Be7 17. Ne5 Bxe2 18. Rxe2 h6 19. Bd2 Bd6 20. f4 c5 21. dxc5 Bxc5+ 22. Kh2 Nxc3 23. Rxc3 1/2-1/2

[Event "Bayern-ch Seniors 19th"]
[Site "Schloss Schney"]
[Date "2007.06.17"]
[Round "6"]
[White "Reichwald, Klaus Dieter"]
[Black "Bernhart, Ernst"]
[Result "1-0"]
[WhiteElo "1761"]
[BlackElo "1637"]
[PlyCount "85"]
[EventDate "2007.06.12"]
[EventType "swiss"]
[EventRounds "9"]
[EventCountry "GER"]
[SourceTitle "EXT 2008"]
[Source "ChessBase"]
[SourceDate "2007.11.25"]
[SourceVersion "1"]
[SourceVersionDate "2007.11.25"]
[SourceQuality "1"]

1. e4 e6 2. d4 d5 3. Nc3 Nf6 4. e5 Nfd7 5. f4 c5 6. Nf3 cxd4 7. Nxd4 Nc6 8. Be3 Bb4 9. a3 Ba5 10. b4 Bb6 11. Be2 0-0 12. 0-0 Ne7 13. Bd3 g6 14. Qf3 Bxd4 15. Bxd4 Nb6 16. Bc5 Bd7 17. Ne2 Rc8 18. Nd4 Re8 19. g4 Nc6 20. Rae1 Qh4 21. Nb5 Red8 22. Nd6 Rb8 23. f5 Na4 24. Nxf7 Nxc5 25. bxc5 Rf8 26. fxg6 h6 27. Qf6 Qxf6 28. exf6 Rxf7 29. gxf7+ Kxf7 30. h3 Rg8 31. Kh2 Rg5 32. Kg3 d4 33. h4 Rxc5 34. h5 Rg5 35. Bg6+ Kf8 36. Re4 Ra5 37. Rfe1 e5 38. g5 hxg5 39. h6 Rxa3+ 40. Kg2 Rh3 41. Rh1 Rxh1 42. Kxh1 Ne7 43. fxe7+ 1-0

[Event "Hessen-ch Seniors op 03rd"]
[Site "Bad Sooden-Allendorf"]
[Date "2007.05.05"]
[Round "8"]
[White "Neumann, Horst"]
[Black "Bernhart, Ernst"]
[Result "1-0"]
[WhiteElo "1830"]
[BlackElo "1637"]
[PlyCount "81"]
[EventDate "2007.04.27"]
[EventType "swiss"]
[EventRounds "9"]
[EventCountry "GER"]
[SourceTitle "EXT 2022"]
[Source "ChessBase"]
[SourceDate "2021.10.06"]
[SourceVersion "1"]
[SourceVersionDate "2021.10.06"]
[SourceQuality "1"]

1. d4 d5 2. Nf3 Nf6 3. Bg5 e6 4. e3 Be7 5. Nbd2 c5 6. c3 Nc6 7. Bxf6 Bxf6 8. dxc5 Qe7 9. Nb3 0-0 10. Be2 Bd7 11. 0-0 Rac8 12. Rc1 Ne5 13. Nfd4 Ba4 14. Bb5 Bxb5 15. Nxb5 Nc6 16. Nd6 Rb8 17. Nd4 Rfd8 18. b4 b6 19. Nxc6 Qc7 20. Nxb8 Rxb8 21. Nb5 Qd7 22. a4 a6 23. Nd4 e5 24. Nb3 Qc6 25. cxb6 Rxb6 26. Nc5 a5 27. Qg4 Be7 28. Nd7 Rb7 29. Nxe5 Qe8 30. Nd3 Rb6 31. Qf3 Rh6 32. Qxd5 Bd6 33. Nf4 Qd8 34. g3 g5 35. Ne2 Rxh2 36. Rfd1 Rh6 37. Rd4 Qd7 38. Qxg5+ Rg6 39. Qh4 Qc7 40. Nf4 Rg7 41. Rcd1 1-0

[Event "Hessen-ch Seniors op 03rd"]
[Site "Bad Sooden-Allendorf"]
[Date "2007.05.04"]
[Round "7"]
[White "Bernhart, Ernst"]
[Black "Zoll, Theobald"]
[Result "1-0"]
[WhiteElo "1637"]
[BlackElo "1480"]
[PlyCount "40"]
[EventDate "2007.04.27"]
[EventType "swiss"]
[EventRounds "9"]
[EventCountry "GER"]
[SourceTitle "EXT 2022"]
[Source "ChessBase"]
[SourceDate "2021.10.06"]
[SourceVersion "1"]
[SourceVersionDate "2021.10.06"]
[SourceQuality "1"]

1. c4 c5 2. Nc3 Nc6 3. Nf3 Nf6 4. d4 cxd4 5. Nxd4 e6 6. Bg5 Bb4 7. e3 0-0 8. Be2 Qa5 9. Bxf6 Bxc3+ 10. bxc3 gxf6 11. Qd2 Ne7 12. 0-0 b6 13. Bf3 Rb8 14. Nb5 d5 15. Be2 Rd8 16. a4 Qa6 17. Qd4 f5 18. Qf6 Qb7 19. Bh5 Ng6 20. Qxd8+ Kg7 1-0

[Event "Hessen-ch Seniors op 03rd"]
[Site "Bad Sooden-Allendorf"]
[Date "2007.05.01"]
[Round "4"]
[White "Schwertel, Johann"]
[Black "Bernhart, Ernst"]
[Result "1-0"]
[WhiteElo "1907"]
[BlackElo "1637"]
[PlyCount "91"]
[EventDate "2007.04.27"]
[EventType "swiss"]
[EventRounds "9"]
[EventCountry "GER"]
[SourceTitle "EXT 2022"]
[Source "ChessBase"]
[SourceDate "2021.10.06"]
[SourceVersion "1"]
[SourceVersionDate "2021.10.06"]
[SourceQuality "1"]

1. d4 d5 2. Nf3 Nf6 3. Bf4 e6 4. e3 Nbd7 5. Nbd2 c5 6. c3 Qb6 7. Qc2 cxd4 8. exd4 Bd6 9. Bg3 Qc7 10. Bd3 Bxg3 11. hxg3 g6 12. 0-0 Ng4 13. Rfe1 0-0 14. Nf1 Ndf6 15. Re2 Bd7 16. Rae1 Rac8 17. Ne5 Nxe5 18. Rxe5 b5 19. R5e2 a6 20. Nh2 Qb6 21. a3 a5 22. Qd2 Rb8 23. Qf4 Nh5 24. Qe3 b4 25. axb4 axb4 26. Ng4 Qd8 27. c4 dxc4 28. Bxc4 Bb5 29. b3 Bxc4 30. bxc4 b3 31. Rb1 Qc7 32. Qc3 f5 33. Nh2 Qd6 34. Reb2 Nf6 35. Rxb3 Ne4 36. Qe3 Rxb3 37. Rxb3 Ra8 38. c5 Qd5 39. Rb1 Ra2 40. Qh6 Ra8 41. Nf3 Nc3 42. Re1 Ne4 43. Rc1 Rc8 44. Qf4 Kg7 45. g4 Qa2 46. Ne5 1-0

[Event "Mecklenburg VP-ch Seniors op 06th"]
[Site "Plau am See"]
[Date "2006.10.08"]
[Round "5"]
[White "Van Bellen, Henk"]
[Black "Bernhart, Ernst"]
[Result "1-0"]
[WhiteElo "1850"]
[BlackElo "1623"]
[PlyCount "81"]
[EventDate "2006.10.04"]
[EventType "swiss"]
[EventRounds "9"]
[EventCountry "GER"]
[SourceTitle "EXT 2022"]
[Source "ChessBase"]
[SourceDate "2021.10.06"]
[SourceVersion "1"]
[SourceVersionDate "2021.10.06"]
[SourceQuality "1"]

1. Nc3 e5 2. Nf3 Nc6 3. d4 exd4 4. Nxd4 Qf6 5. Ndb5 Bd6 6. Nd5 Qd8 7. Nxd6+ cxd6 8. Bf4 Ne5 9. Qd4 Nf6 10. Bxe5 Qa5+ 11. b4 Qxd5 12. Bxf6 Qxd4 13. Bxd4 0-0 14. e3 Re8 15. Bc4 b6 16. Bd5 Rb8 17. Rd1 Bb7 18. Bxb7 Rxb7 19. 0-0 Re6 20. Rd2 b5 21. Rfd1 h6 22. f3 a6 23. e4 Rc7 24. Kf2 Rc4 25. c3 Kf8 26. Re2 f6 27. f4 Rc6 28. Rde1 Kf7 29. g4 Re8 30. e5 dxe5 31. fxe5 fxe5 32. Rxe5 Rf6+ 33. Rf5 Rxf5+ 34. gxf5 Rc8 35. Rg1 Rg8 36. Rg6 Rc8 37. Rxg7+ Kf8 38. Rh7 Re8 39. Rh8+ Kf7 40. Rxe8 Kxe8 41. Kf3 1-0

[Event "GER-ch Seniors 18th"]
[Site "Dresden"]
[Date "2006.07.30"]
[Round "9"]
[White "Didzuhn, Werner"]
[Black "Bernhart, Ernst"]
[Result "1-0"]
[WhiteElo "1982"]
[BlackElo "1824"]
[PlyCount "49"]
[EventDate "2006.07.22"]
[EventType "swiss"]
[EventRounds "9"]
[EventCountry "GER"]
[SourceTitle "CBM 113 Extra"]
[Source "ChessBase"]
[SourceDate "2006.09.14"]
[SourceVersion "1"]
[SourceVersionDate "2006.09.14"]
[SourceQuality "1"]

1. e4 e6 2. d3 d5 3. Nd2 c5 4. Ngf3 Nc6 5. g3 Nge7 6. Bg2 d4 7. 0-0 Ng6 8. a4 Be7 9. Nc4 0-0 10. h4 Bf6 11. h5 Nge5 12. Nfxe5 Nxe5 13. Nxe5 Bxe5 14. f4 Bd6 15. e5 Be7 16. Be4 h6 17. Rf2 f5 18. exf6 Bxf6 19. Qg4 Qe8 20. b3 Rb8 21. Bd2 b6 22. Re1 Qd8 23. Qg6 Bh4 24. gxh4 Rxf4 25. Bxf4 1-0